|
|
|
|
| LEADER |
000000am a2200000 a 4500 |
| 001 |
16920 |
| 005 |
20230308175448.0 |
| 008 |
976033|1969 ||||||||r|||||||||||spa|| |
| 040 |
|
|
|b spa
|
| 041 |
0 |
|
|a En
|
| 082 |
0 |
|
|a 576
|b Dou
|
| 100 |
1 |
|
|a Douglas, George W. [et al.]
|9 83547
|
| 245 |
1 |
1 |
|a Microbiology
|c George W. Douglas [et al.]
|h imp
|
| 264 |
|
|
|a Chicago
|b American Society of Clinical Pathologists
|c 1969
|
| 300 |
|
|
|a 68 páginas:
|b tbls.
|
| 504 |
|
|
|a incl. ref.
|
| 650 |
1 |
|
|a Microbiology
|9 83534
|
| 852 |
|
|
|a UC-SALUD
|f donación
|k mariana.feican
|l 1
|m General
|p 19760331
|q S/. 30
|t 16920
|b 0
|d CDRS
|e CDRS
|g 576 Dou
|z 1976-60-33
|
| 942 |
|
|
|c BK
|
| 999 |
|
|
|c 49941
|d 49941
|